| 000 | 01492nam a22002537a 4500 | ||
|---|---|---|---|
| 001 | 10035 | ||
| 003 | FISKH | ||
| 005 | 20260331113750.0 | ||
| 008 | 260331b cb ||||| |||| 00| 0 eng d | ||
| 020 | _a9780521222181 | ||
| 040 |
_aFISKH _beng _cFISKH _dFISKH |
||
| 082 | _a428.34 | ||
| 100 | _aPuchta, Herbert | ||
| 245 |
_aSuper minds : _bStudent's book level 4 _cHerbert Puchta ; Gunter Gerngross ; Peter Lewis-Jones |
||
| 260 |
_aNew York : _bCambridge University Press, _c2012. |
||
| 300 |
_a127 pages ; _bcolor illustrations ; _c28 cm |
||
| 505 | _aR | ||
| 520 | _aAn exciting, seven-level course that enhances young learners' thinking skills, sharpening their memory while improving their language skills. This exciting seven-level course enhances your students' thinking skills, improving their memory along with their language skills. Super Minds develops language with creative activities including role play and project work, explores social values with lively stories and encourages cross-curricular thinking with fascinating 'English for school' sections. This Level 4 Teacher's Resource Book contains end-of-unit evaluation tests, worksheets for further vocabulary and grammar practice along with cross-curricular extension material. The Audio CD includes all the listening material needed to accompany the tests. | ||
| 521 | 8 |
_a700
_bLexile estimate |
|
| 521 | 8 |
_aR
_bRaz-Plus |
|
| 650 |
_aSuper Mind _vStudent Book |
||
| 942 |
_2ddc _cBK _n0 |
||
| 999 |
_c10035 _d10035 |
||